Bölgesel kalkınma ajansları (Record no. 983)

MARC details
000 -BAŞLIK
Sabit Uzunlukta Kontrol Alanı 00577na a2200205 4500
001 - KONTROL NUMARASI
Denetim Alanı 18275
003 - KONTROL NUMARASI IDENTIFIER
Denetim Alanı MIRAKIL
005 - SON İŞLEM TARİHİ VE ZAMANI
Denetim Alanı 20181213154808.0
008 - SABİT-BOY VERİ ELEMANLARI - GENEL BİLGİLER
Sabit Uzunlukta Kontrol Alanı 161115b tu 000 0
040 ## - KATALOGLAMA KAYNAK
Orijinal Kataloglama Ajansı Milas
Kataloglama Dili tur
Metne Dönüştürmek Ajansı TR-AnCHP
041 ## - DİL KODU
Metin / Ses Parça Veya Ayrı Başlığın Dil Kodu tur
082 ## - DEWEY ONLU SINIFLANDIRMA NUMARASI
Sınıflandırma Numarası 338.9561
Ürün Numarası B74 2008
090 ## - SINIFLAMA NUMARASI
Sınıflama Numarası 338.9561 B74 2008
111 ## - ANA GİRİŞ - TOPLANTI ADI
Giriş Elemanı Olarak Toplantı Adı Veya Yargı Alanı Adı Bölgesel kalkınma ajansları
245 ## - BAŞLIK TABLOSU
Başlık Bölgesel kalkınma ajansları
260 ## - YAYIN, DAĞITIM, VB
Yayın, Dağıtım, Vb Yeri [y.y]
Yayıncı, Dağıtıcı, Vs Adı Friedrich Naumann Vakfı
Yayın, Dağıtım, Vb Tarihi 2008
300 ## - FİZİKSEL TANIM
Kapsam 254 s.
Diğer Fiziksel Ayrıntıları grf., şkl.
Boyutlar 20 sm.
650 ## - KONU KATMA GİRİŞ - TOPİKAL DÖNEM
Topikal Süreli Veya Coğrafi Ad Giriş Elemanı Kalkınma ajansları
Genel Alt Bölümü bölgesel
Kronolojik Alt Bölümü toplantılar
942 ## - EKLENDİ GİRİŞ ELEMANLARI (KOHA)
Sınıflandırma Veya Raf Düzeni Kaynak Dewey Decimal Classification
Koha Öğesi Türü Books
999 ## - SİSTEM KONTROL NUMARALARI (KOHA)
Koha Biblionumber 983
Koha Biblioitemnumber 983
Holdings
Kalıcı Konum Mevcut Konum Edinme Tarihi Edinim Kaynak Toplam Check-Out'Lar Tam Çağrı Numarası Barkod Tarih Son Görülme İtibaren Geçerli Fiyatlar Koha Öğesi Türü
CHP Kütüphanesi CHP Kütüphanesi 11/15/2016 Bağış   338.9561 B74 2008 009843 11/15/2016 11/15/2016 Books